000 00278nam a22001337a 4500
008 181023b xxu||||| |||| 00| 0 eng d
020 _a9780679753810
041 _aeng
080 _a316
100 _a50
101 _aSOC
245 _aFeminism
_cSchneir,M
942 _2udc
_cBK
999 _c50728
_d50728